00626nam a2200193 a 450000100100000000500170001000800410002702000150006804000250008308200150010810000350012324501070015826000450026530000270031049000120033770000350034970000360038483000120042000004214820201002035953.0131114s2006 pr a 000 0 spa d a1881732061 aDO-SdBNPbspacBNPHU axxxbR696m1 aRodríguez Nietzsche, Vicente10aMadrigales /cVicente Rodríguez Nietzsche, Andrés Castro Ríos ; prólogo Reynaldo Marcos Padua. aSan Juan, Puerto Rico :bGuajana,c2006. a59 p. :bil. ;c21 cm.1 aGuajana12aCastro Ríos, Andrésd1942-12aPadua, Reynaldo Marcosepról. 0aGuajana